Countries by Partial Flag Images Quiz #4 - Statistics

General Stats
  • This quiz has been taken 31 times
  • The average score is 13 of 16
Answer Stats
Picture Answer % Correct
Afghanistan
100%
Bhutan
96%
Algeria
91%
Andorra
91%
Antigua and Barbuda
91%
Bahrain
91%
Georgia
87%
Seychelles
87%
Burkina Faso
83%
Somalia
83%
Central African Republic
78%
Nepal
78%
Angola
74%
Tuvalu
65%
Burundi
61%
Chile
61%
No matching quizzes found
Score Distribution
Percent of People with Each Score
Percentile by Number Answered
Your Score History
You have not taken this quiz